000 00220nam a2200121Ia 4500
100 _a#N/A
650 _aGeneral
942 _cBK
654 _atest
245 _aTest your Aptitude
260 _b#N/A
546 _aENGLISH
999 _c18129
_d18129